| 000 | 00506nam a2200145Ia 4500 | ||
|---|---|---|---|
| 008 | 250506s9999 xx 000 0 und d | ||
| 024 | _a02A-002-CE, 03A-011-CE, 01A-079-CE, 00A-010-EE | ||
| 082 | _a658.153072 WAR | ||
| 100 | _aM. Sarfaraz Waris, Salman Yousuf Siddiqui, Wahab Khan & Hilal Akhtar | ||
| 110 | _aTabassum Waheed | ||
| 245 | 0 | _aRed-Radio Laboratory information management system | |
| 260 |
_aKarachi: _bUIT, _c2001 |
||
| 600 | _aBachelor of Engineering (B.E) | ||
| 650 | _aComputer Engineering | ||
| 999 |
_c29176 _d29176 |
||